| 000 | 00373nam a22001457a 4500 | ||
|---|---|---|---|
| 003 | MACL | ||
| 005 | 20170607121500.0 | ||
| 008 | 170607b xxu||||| |||| 00| 0 eng d | ||
| 040 | _cMACL | ||
| 100 |
_aThakur Hemant _967304 |
||
| 245 | _aUnderstanding Traditional India | ||
| 260 |
_aAllahabad _bAradhana Publication _c2016 |
||
| 650 |
_aReligion _967305 |
||
| 942 |
_2ddc _cBK |
||
| 999 |
_c56432 _d56432 |
||